000 02801nam0a2200433 4500
001 rc\2000015
005 20260406121728.0
035 _a(NLR Aleph) 010168896
090 _a10126319
_c10126319
100 _a20080811e19151914|||y0rusy50 ca
101 0 _arus
102 _aRU
105 _ach z |||e|
135 _acrmn mmmaaada
200 1 _aИз переписки И.А. Гончарова
_e(письма к М.А. и Е.А. Языковым, И.Ф. Горбунову, Ю.Д. Ефремовой, А.В. Дружинину и А.В. Плетневой)
_eс приложением снимков с портрета, автографа и визитной карточки
_f[сост. и предисл.]: Б.Л. Модзалевский
210 _aПетроград
_c[б. и.]
_d1915
215 _a39 с., [1] л. портр.
_cфакс.
_d25
300 _aПеред загл.: Б.Л. Модзалевский
311 _a" Отд. отт. из "Временника Пушкинск. дома. 1914 г."
325 _aКопия доступна в Электрон. б-ке РНБ http://vivaldi.nlr.ru/bv000030604/view
488 0 _12001#$aВременник Пушкинского дома$v1914
_tВременник Пушкинского дома
532 1 0 _aИз переписки Ивана Александровича Гончарова
700 1 _8rus
_7ca
_aГончаров
_bИ. А.
_f1812-1891
_gИван Александрович
_3RU\NLR\AUTH\77582
_9110628
702 1 _4080
_4220
_8rus
_7ca
_aМодзалевский
_bБ. Л.
_f1874-1928
_gБорис Львович
_3RU\NLR\AUTH\7748471
_931406
702 1 _4660
_8rus
_7ca
_aЯзыкова
_bЕ. А.
_f-1896
_gЕкатерина Александровна
_3RU\NLR\AUTH\7796947
_979873
702 1 _4660
_8rus
_7ca
_aЯзыков
_bМ. А.
_f1811-1885
_gМихаил Александрович
_3RU\NLR\AUTH\7796944
_979870
702 1 _4660
_8rus
_7ca
_aГорбунов
_bИ. Ф.
_f1831-1895
_gИван Федорович
_3RU\NLR\AUTH\7762581
_945511
702 1 _4660
_8rus
_7ca
_aЕфремова
_bЮ. Д.
_gЮния Дмитриевна
_3RU\NLR\AUTH\7796957
_979883
702 1 _4660
_8rus
_7ca
_aДружинин
_bА. В.
_cписатель
_f1824-1864
_gАлександр Васильевич
_3RU\NLR\AUTH\7762584
_945514
702 1 _4660
_8rus
_7ca
_aПлетнева
_bА. В.
_f1826-1901
_gАлександра Васильевна
_3RU\NLR\AUTH\7796963
_979889
801 0 _aRU
_bNLR
_gpsbo
801 0 _aRU
_bRuMoRGB
_2psbo
801 1 _aRU
_bProSoft-M
_2rusmarc
801 2 _aRU
_bNLR
_c20110303
_2rusmarc
852 _aNLR
_j37.56.4.444
942 _cBOOK
980 _aNB
981 3 3 _a(33) Художественная литература
_b(33) Отечественная литература